| 000 | 00935nas a2200313 4500 | ||
|---|---|---|---|
| 001 | BR0706343 | ||
| 003 | BR-BrBNA | ||
| 005 | 20231205111247.0 | ||
| 007 | ta | ||
| 008 | 230509b bl.|||p| |||| 00| 00por d | ||
| 040 |
_aBR-BrBNA _bpor _cBiblioteca Nacional de Agricultura |
||
| 041 | _a(PT) | ||
| 072 | _aL40; L70 | ||
| 100 | 1 | _aLocatelli, R.T. | |
| 100 | 1 | _aTommaz V.S. | |
| 100 | 1 | _aRichartz, R.R.T.B. | |
| 100 | 1 | _aCasino-Joineau, M.E. | |
| 100 | 1 | _aVan Der Vinne, R. | |
| 100 | 1 | _aSilva, R. | |
| 100 | 1 | _aLeite, L.C. | |
| 100 | 1 | _aPinckney, R. | |
| 245 | 1 | _aDetecção de anticorpos contra Neospora caninum em vacas leiteiras e bezerros no estado do Paraná | |
| 650 | _aGADO LEITEIRO | ||
| 650 | _aELISA | ||
| 650 | _aNEOSPOROSE | ||
| 773 | 0 |
_tArchives of Veterinary Science (Brazil) _xISSN 1517-784X _g(2001), v. 6(2) p. 37-41 _wBR0706343 |
|
| 909 |
_a202311 _bLúcia _c55 _dLúcia Elande |
||
| 942 |
_2AGRIS _n0 _cANA |
||
| 999 |
_c191676 _d191676 |
||